Conversaciones con Ian McEwan /

Detalles Bibliográficos
Autor principal: McEwan, Ian (Autor)
Otros Autores: Roberts, Ryan, 1973- (Editor), Miquel, María Antonia de, 1956- (Traductor)
Formato: Electrónico eBook
Lenguaje:español
inglés
Publicado: Barcelona (España) : gatopardo ediciones, [2019]
Edición:Primera edición.
Materias:
Acceso en línea:Digitalia Hispánica

MARC

LEADER 00000nam a2200000Ii 4500
001 DIGGATOP0012
003 NyNyDIG
006 m o d
007 cr |||||||||||
008 240202s2019 sp ob 000 0dspa d
035 |a (OCoLC)1422054573 
040 |a DGITA  |b eng  |e rda  |e pn  |c DGITA 
020 |a 9788417109424  |q eBook 
020 |z 9788417109615 
041 1 |a spa  |h eng 
050 1 4 |a PR6063.C4 ebook 
100 1 |a McEwan, Ian,  |e author. 
240 1 0 |a Conversations with Ian McEwan.  |l Spanish  |s (Miquel) 
245 1 0 |a Conversaciones con Ian McEwan /  |c edición de Ryan Roberts ; traducción de María Antonia de Miquel. 
250 |a Primera edición. 
264 1 |a Barcelona (España) :  |b gatopardo ediciones,  |c [2019] 
300 |a 1 online resource. 
336 |a text  |b txt  |2 rdacontent 
337 |a computer  |b c  |2 rdamedia 
338 |a online resource  |b cr  |2 rdacarrier 
347 |a text file  |2 rdaft 
347 |b PDF 
504 |a Includes bibliographical references. 
588 0 |a Online resource; title from ePub title page (Digitalia, viewed February 2, 2024) 
600 1 0 |a McEwan, Ian  |v Interviews. 
650 0 |a Authors, English  |y 20th century  |v Interviews. 
700 1 |a Roberts, Ryan,  |d 1973-  |e editor. 
700 1 |a Miquel, María Antonia de,  |d 1956-  |e translator. 
700 1 |i Translation of:  |a McEwan, Ian.  |t Conversations with Ian McEwan. 
791 2 |a Digitalia (Firm),  |e distributor. 
793 0 |g Digitalia eBook Collection:  |a Gatopardo Ediciones 
776 0 8 |i Print version:  |a McEwan, Ian.  |s Conversations with Ian McEwan. Spanish (Miquel).  |t Conversaciones con Ian McEwan.  |b Primera edición.  |d Barcelona (España) : gatopardo ediciones, [2019]  |z 9788417109615 
856 4 0 |3 Digitalia Hispánica  |u https://www.digitaliapublishing.com/a/97295/ 
910 |a Premium collection: 2024